| 000 | 00647nam a22001937a 4500 | ||
|---|---|---|---|
| 003 | SISC | ||
| 005 | 20160627113259.0 | ||
| 008 | 160622b xxu||||| |||| 00| 0 eng d | ||
| 020 | _a9780132531405 | ||
| 050 | _aPE 1128 .An545 2012 | ||
| 245 |
_aPrentice hall writing coach : _bGrade 6 / _cJeff Anderson [and] Kelly Gallagher. |
||
| 260 |
_aNJ, USA : _bPearson Education, _cc2012. |
||
| 300 |
_axxxii, 630 p. : _bcol. ill. ; _c26 cm. |
||
| 650 | _aEnglish language--Grammar--Textbooks. | ||
| 650 | _aEnglish language--Composition--Textbooks. | ||
| 650 | _aEnglish language--Composition. | ||
| 700 | _aGallagher, Kelly. | ||
| 942 |
_2lcc _cBK |
||
| 999 |
_c296180 _d296180 |
||